000
00330 a2200109 4500
001
ART_56444
005
20260410161823.0
008
260409a
245
1
0
_a
Revocación de reencuadre de multa
100
1
_a
Bello, Alberto M.
773
0
_t
Doctrina Penal Tributaria y Económica
_g
- N° 64 (jun. 2022)
_w
REV4317
999
_c
22512
_d
22512